000 02020nam a22002897a 4500
003 PE SENCICO BE
005 20251020182623.0
008 221221b |||||||| |||| 00| 0 eng d
020 _a978-958-762-956-9
040 _aPE SENCICO BE
_cPE SENCICO BE
041 _aspa
082 _a694
_bP12
100 1 _9341
_aPacini, Julio César
_eautor
245 1 _aEstructuras de madera :
_bdiseño, cálculo y construcción /
_cJulio César Pacini
250 _a1a ed.
260 _aBogotá:
_bEdiciones de la U,
_c2019
300 _a[6], 469 p. :
_bil., diagrs. ;
_c28 cm.
520 3 _aEste libro ha sido concebido como una manera de comprender cabalmente la construcción en madera, tratando de dejar huecos sin cubrir en el amplio mundo de las estructuras en madera o materiales derivados de ella. En el inicio del libro se recapitula la historia de la construcción en madera y nos da una idea de cómo se llega a nuestros días. Los tres capítulos siguientes se abocan a la descripción del funcionamiento de la madera y de los materiales derivados de ella con aporte de ingeniería, así como de la normativa disponible y su justificación. El resto del libro se dedica al diseño, verificación y construcción de viviendas, estructuras de grandes luces y estructuras en altura; así como a la resolución de detalles y uniones. Se incluyó asímismo la descripción de posibles fallas típicas de la madera y cómo tratar con ellas. Finalmente se ha dedicado dos capítulos al estudio de situaciones extremas para las cuales usualmente las estructuras no están diseñadas, mostrando el comportamiento de las estructuras de madera frente a la acción de tormentas extremas y el fuego.
650 1 4 _9327
_aConstrucciones de madera
650 2 4 _9328
_aViviendas de estructuras de madera
650 2 4 _9342
_aMadera
_xComposición
700 1 _9343
_aWainstein, Gustavo
700 1 _9344
_aIriso, Agustín
910 _bhfp
_chfp
942 _2ddc
_cLIB
_h694
_iP12
999 _c3720
_d3720